[Event "Bundesliga 0304"]
[Site "Germany"]
[Date "2004.04.25"]
[Round "15.7"]
[White "Smeets, Jan"]
[Black "Stangl, Markus"]
[Result "1/2-1/2"]
[WhiteElo "2511"]
[BlackElo "2493"]
[Annotator "Gofshtein,L"]
[PlyCount "83"]
[EventDate "2003.11.01"]
[EventType "team-tourn"]
[EventRounds "15"]
[EventCountry "GER"]
[SourceTitle "CBM 101"]
[Source "ChessBase"]
[SourceDate "2004.07.27"]
[SourceVersion "1"]
[SourceVersionDate "2004.07.27"]
[SourceQuality "1"]
[WhiteTeam "Solingen"]
[BlackTeam "Tegernsee"]
[WhiteTeamCountry "GER"]
[BlackTeamCountry "GER"]

1. e4 c5 2. Nf3 d6 3. d4 cxd4 4. Nxd4 Nf6 5. Nc3 Nc6 6. Bg5 e6 7. Qd2 Qb6 8.
O-O-O Qxd4 9. Qxd4 Nxd4 10. Rxd4 a6 11. f3 Bd7 12. Na4 {A new move played by
Kasparov against Mcheideshvilli in 2002, before that Bc4 and Rd2 were tried.}
Bc6 (12... e5 {Kasparov,G} 13. Nb6 exd4 14. Nxa8 $16) (12... Bxa4 {Kasparov,G}
13. Rxa4 O-O-O $14) 13. Nb6 Rd8 14. Nc4 {'!' Kasparov,G.} Be7 (14... d5 {
Kasparov,G} 15. Na5 Bc5 16. Nxc6 bxc6 17. Ra4 dxe4 18. fxe4 h6 19. Bd2 $16) (
14... b5 {Kasparov,G} 15. Na5 Ba8 16. a4 $16) (14... h6 $5 {Kasparov,G} 15.
Bxf6 (15. Bd2 $14 {Kasparov,G}) 15... gxf6 16. Na5 $14) 15. Na5 Rc8 16. Be2 {
Smeets deviates from 16.Rb4 that was played by Kasparov in the above mentioned
game.} (16. Rb4 $1 {Kasparov,G} d5 $2 (16... Nd5 $2 {Kasparov,G} 17. exd5 Bxg5+
18. f4 $18) (16... Kd7 {Kasparov,G} 17. Nxc6 (17. Rb3 $5 {Kasparov,G}) 17...
Kxc6 18. Rb3 $14) 17. Nxc6 bxc6 18. Rb7 Nd7 19. Bd2 $1 Ra8 (19... Nc5 $2 {
Kasparov,G} 20. Rxe7+ $1 Kxe7 21. Bb4 Kd6 22. e5+ $18) 20. Rc7 Ne5 (20... c5 {
Kasparov,G} 21. exd5 exd5 22. g3 $1 Nf8 (22... Ne5 {Kasparov,G} 23. Bg2 Bd6 24.
Rb7 $18) 23. Bh3 Ne6 24. Bxe6 fxe6 25. Re1 Kf7 26. Bg5 (26. Rc6 $5 $18 {
Kasparov,G}) 26... Rhe8 27. Bxe7 Rxe7 28. Rxc5 $18) 21. Bc3 Bd6 22. Bxe5 Bxe5
23. Rxc6 {1-0 Kasparov,G-Mchedlishvili,M/Bled (ol) 86/198 2002/Inf 86/
[Kasparov,G] (37)}) 16... h6 17. Bxf6 gxf6 18. f4 (18. Rhd1 {with the idea to
play Nc4 is met by} Rg8 19. g3 Kd8 $1 {[%cal Gd8c7] A strong move, now Nc4 can
be met by Bb5.} (19... Rg5 $2 20. Nc4 Rc5 (20... Bb5 21. Nxd6+ Bxd6 22. Bxb5+
Rxb5 23. Rxd6 {and white is simply a pawn up.}) 21. b4 {is bad}) 20. Nc4 Bb5 {
and black is fine.}) 18... Rc7 19. Rc4 Kd7 {Black easily holds his queenside,
it seems that white didn't achieve much from the opening.} 20. Nxc6 Rxc6 21.
Rxc6 Kxc6 22. Bh5 Rh7 {White still has a slight edge due to the black's rook
position but this is temporary as when black gets his king to e7 the rook
would enter the game.} 23. Rd1 Rg7 24. g3 Bd8 25. Kd2 Bb6 {Black transfers the
bishop to a better position.} 26. Ke2 Bc5 27. a4 Kd7 28. a5 Ke7 {[%cal Gg7g8,
Gg8c8] The black king now is on the best possible spot and he's ready to get
his rook in the game. White decides to play actively while the black rook is
still in "offside" but this attempt proves to be insufficient.} 29. b4 {
The queenside pawns are getting exchanged now} Bxb4 30. Rb1 Bxa5 31. Rxb7+ Ke8
32. Ra7 Bb6 33. Rxa6 Bc5 34. Kf3 Ke7 35. Ra8 {White's last chance is to play
Rh8 and to threaten the h6 pawn, black is nicely handling it.} Bg1 36. Kg2 Be3
37. Kf3 (37. Rh8 $2 Bxf4) 37... Bg1 38. Kg2 Be3 39. Kf1 Bd4 $1 {A nice way to
meet Rh8.} 40. Rh8 f5 41. exf5 Rxg3 42. hxg3 1/2-1/2

[Event "Biel Credit Suisse"]
[Site "Biel"]
[Date "1997.07.22"]
[Round "2"]
[White "Lautier, Joel"]
[Black "Pelletier, Yannick"]
[Result "1/2-1/2"]
[WhiteElo "2660"]
[BlackElo "2465"]
[Annotator "Gofshtein,L"]
[PlyCount "81"]
[EventDate "1997.07.20"]
[EventType "tourn"]
[EventRounds "10"]
[EventCountry "SUI"]
[EventCategory "17"]
[SourceTitle "CBM 060"]
[Source "ChessBase"]
[SourceDate "1997.09.29"]
[SourceVersion "1"]
[SourceVersionDate "1997.09.29"]
[SourceQuality "1"]

1. e4 c5 2. Nf3 d6 3. d4 cxd4 4. Nxd4 Nf6 5. Nc3 Nc6 6. Bg5 e6 7. Qd2 Be7 8.
O-O-O Nxd4 9. Qxd4 a6 10. f4 b5 11. Bxf6 gxf6 (11... Bxf6 $2 12. e5 dxe5 13.
Qc5 $1 Bd7 14. Nxb5 $1 Be7 (14... axb5 15. Rxd7 $18) 15. Nc7+ Kf8 16. Qxe5 $18)
12. Be2 Qc7 13. Bh5 $146 {Not great, the more usual 13.f5 is better.} (13. f5
Qc5 14. Qxc5 dxc5 15. fxe6 fxe6 16. Bh5+ Kf8 17. e5 $1 (17. Rhf1 $6 Ra7 18. e5
f5 19. g4 Kg7 20. Rd3 c4 21. Rh3 Rf8 22. gxf5 Rxf5 $15 {Tseitlin-Epishin,St
Petersburg,1997} 23. Rxf5) 17... f5 18. g4 b4 (18... Ra7 19. gxf5 exf5 20. Nd5
Bg5+ 21. Kb1 Be6 22. Rhg1 Rg8 23. Nf4 Bxf4 24. Rd8+ Ke7 25. Rdxg8 Bxg8 26. Rg7+
$16 {SHORT-Ermolinsky,1997}) 19. Ne2 Ra7 20. gxf5 exf5 21. Nf4 $16 {Palac,
M-Smirin,I/EU-chTM 1997/EXP 57/1-0 (49)}) 13... Qc5 14. Qxc5 dxc5 15. f5 {[#]}
b4 (15... exf5 $5 16. Nd5 Ra7 17. exf5 Bxf5 18. Rhe1 Kf8 19. Nxe7 Rxe7 20. Rd8+
Kg7 21. Rxe7 Rxd8 22. Rxf7+ $16) 16. Ne2 (16. Na4 Rb8 17. Rhf1 Rg8 $11) 16...
e5 (16... exf5 17. Bf3 $1 $44) 17. Ng3 (17. b3 Bb7 18. Ng3 c4 19. bxc4 Bc6 $11)
17... c4 $1 18. Be2 c3 {Black liquidates a weakness and opens the position for
his bishops.} 19. Bc4 (19. bxc3 bxc3 20. Bc4 Rb8 $132) 19... cxb2+ 20. Kxb2 Rg8
21. Nh5 Bb7 (21... Rxg2 22. Rhg1 Rxg1 23. Rxg1) 22. Ng3 Ra7 $1 (22... Bc5 23.
Bxf7+ $16) (22... Bc6 23. Bd5 $16) 23. Bd5 Bc8 $1 {It would be a mistake for
Black to exchange the bishops.} 24. Nh5 Bd8 $1 25. g4 Ke7 (25... Rxg4 26. Rhg1
Rxg1 27. Rxg1 Kf8 28. Rg7 $44) 26. h3 Bb6 27. a3 {White doesn't have another
way of generating counterplay.} Bd4+ 28. Kb3 bxa3 29. Kxa3 Rc7 $11 30. c4 a5
31. Rb1 Bc5+ (31... Ba6 $5 32. Rhc1 Rgc8 $15) 32. Kb3 Bb4 33. Kc2 $1 (33. Ng3
$143 Bd7) 33... Bb7 (33... Bc5 $5 {with the idea a4,a3}) 34. Kd3 Rgc8 35. Rhc1
Bxd5 36. exd5 {[#]} e4+ 37. Kd4 Bd6 38. Kxe4 $8 Rxc4+ 39. Rxc4 Rxc4+ 40. Kd3
Rb4 (40... Rc7 41. Rb6 Ra7 42. Nxf6 a4 43. Ng8+ Kd7 44. Nf6+ Kc7 45. Rc6+) 41.
Rxb4 1/2-1/2

[Event "Biel Credit Suisse"]
[Site "Biel"]
[Date "1997.07.26"]
[Round "5"]
[White "Anand, Viswanathan"]
[Black "Pelletier, Yannick"]
[Result "1-0"]
[WhiteElo "2765"]
[BlackElo "2465"]
[Annotator "Gofshtein,L"]
[PlyCount "73"]
[EventDate "1997.07.20"]
[EventType "tourn"]
[EventRounds "10"]
[EventCountry "SUI"]
[EventCategory "17"]
[SourceTitle "CBM 060"]
[Source "ChessBase"]
[SourceDate "1997.09.29"]
[SourceVersion "1"]
[SourceVersionDate "1997.09.29"]
[SourceQuality "1"]

1. e4 c5 2. Nf3 d6 3. d4 cxd4 4. Nxd4 Nf6 5. Nc3 Nc6 6. Bg5 e6 7. Qd2 Be7 8.
O-O-O Nxd4 9. Qxd4 a6 10. f3 (10. f4 Qa5 (10... b5 11. Bxf6 gxf6 12. Bd3 Qc7
13. Qe3 Qc5 14. Qg3 b4 15. Ne2 a5 16. Kb1 Kf8 17. Qh3 h5 18. Rc1 d5 19. exd5
Qxd5 20. f5 {Kasparov,G-Kramnik,V/Amsterdam VSB 1996/CBM 52/[Boensch]/1-0 (43)}
) (10... O-O 11. Bc4 b5 12. Bb3 Qc7 13. Kb1 Re8 14. e5 dxe5 15. fxe5 Nd7 16.
Bxe7 Rxe7 17. Ne4 Nf8 18. Nd6 Qa7 19. Qg4 Qc5 20. Rhf1 {Svidler,P-Lugovoi,A/St
Petersburg-ch 1997/CBM 58/1-0 (62)}) 11. Kb1 O-O 12. Be2 e5 13. Qd2 exf4 14.
Bxf4 Rd8 15. Nd5 Qxd2 16. Nxf6+ Bxf6 17. Rxd2 Re8 18. Bxd6 Rxe4 19. Bf3 Re8 {
Priehoda,V-Demeter,P/SVK-ch Bardejov 1981/MCD-ch/1/2-1/2 (47)}) (10. Bc4 b5 11.
Bb3 Bb7 12. Rhe1 Qc7 13. f4 Rd8 14. f5 e5 15. Qd3 O-O 16. Qg3 h6 17. Bxh6 Nh5
18. Qg4 Kh7 19. Qxh5 gxh6 {Righi,E-Nasser/Dubai olm 1986/TD 86\02/1-0 (33)})
10... Qc7 $146 (10... b5 11. h4 Bb7 12. Kb1 Qc7 13. Bd3 Rc8 14. Be3 O-O 15. h5
h6 16. Bf2 Nd7 {with good counterplay for black in Filipenko-Yakovich}) 11. g4
b5 12. Qd2 O-O (12... Bb7) 13. Ne2 {white has the idea Ng3,Nh5} (13. Bd3 $143
b4 14. Ne2 a5 $132) 13... Rd8 $6 (13... Bb7 $142 14. Nd4 $14) 14. h4 Bb7 (14...
d5 $143 15. e5 $16) 15. Kb1 Rab8 16. Bg2 (16. h5 $2 Nxe4 17. fxe4 Bxg5 18. Qxg5
Qxc2+ $19) 16... b4 17. Nd4 a5 18. h5 a4 19. Be3 Nd7 (19... d5 20. g5 Nd7 21.
g6 $36) 20. g5 Ne5 21. b3 Ba6 $2 (21... axb3 22. cxb3 (22. axb3 Qa5 $17) 22...
d5 $132) 22. g6 Bf6 (22... hxg6 23. f4 $16) 23. gxf7+ Qxf7 (23... Kxf7 $143 24.
f4 Ng4 25. Bh3) 24. Bh3 Re8 25. f4 Nd7 26. e5 $1 dxe5 27. Bxe6 Rxe6 28. Nxe6
axb3 29. axb3 exf4 (29... Qxe6 30. Qxd7 $18) 30. Nxf4 (30. Qxd7 $14) 30... Ra8
31. Bd4 Ne5 32. Bxe5 Bxe5 33. Qd8+ Rxd8 34. Rxd8+ Qf8 35. Rxf8+ Kxf8 36. Nd5
Bd6 37. Rh4 1-0

[Event "SCG-ch 1st"]
[Site "Kopaonik"]
[Date "2005.04.03"]
[Round "2"]
[White "Nadj Hedjesi, Balind"]
[Black "Djukic, Nikola"]
[Result "1-0"]
[WhiteElo "2392"]
[BlackElo "2509"]
[Annotator "Gofshtein,L"]
[PlyCount "51"]
[EventDate "2005.04.02"]
[EventType "tourn"]
[EventRounds "13"]
[EventCountry "YUG"]
[EventCategory "11"]
[SourceTitle "CBM 107"]
[Source "ChessBase"]
[SourceDate "2005.08.01"]
[SourceVersion "1"]
[SourceVersionDate "2005.08.01"]
[SourceQuality "1"]

1. e4 c5 2. Nf3 Nc6 3. d4 cxd4 4. Nxd4 Nf6 5. Nc3 d6 6. Bg5 e6 7. Qd2 a6 8.
O-O-O h6 9. Be3 {White has other moves as well, such as 9.Bf4, 9.Bh4, 9.Nxc6
and 9.Bxf6.} Bd7 10. f3 b5 (10... Qc7 {is an alternative, Black wishes to
avoid the exchange of the knights.} 11. g4 Ne5 {and so on.}) 11. Nxc6 Bxc6 12.
Ne2 {a typical maneovre, the white knight is very well placed on d4.} Qc7 13.
Kb1 (13. Nd4 {usually White places the knight on d4, here is a possible
example:} Bb7 14. Kb1 Be7 15. h4 Nd7 16. b3 d5 17. exd5 Bxd5 {1-0 Van der Wiel,
J-Kosteniuk,A/Wijk aan Zee 2003/CBM 93 (67)}) 13... Rc8 14. h4 Bb7 15. Rh3 (15.
g4 {doesn't work in view of} Nxe4 $1 16. fxe4 Bxe4 {attacking h1 and c2}) 15...
Nd7 ({Kramnik tried} 15... h5 {in order to prevent g2-g4, against Kasparov,
but white got a strong initiative anyway} 16. Nd4 Nd7 17. Bg5 g6 18. Rh1 d5 19.
exd5 Bxd5 20. Bf4 Qb7 21. Nb3 Bg7 22. Bd6 $1 {1-0 Kasparov,G-Kramnik,V/
Frankfurt 1999/CBM 72/}) 16. g4 d5 17. exd5 Bxd5 18. Nf4 Bc6 19. g5 g6 $2 {
A losing mistake, Black tries to prevent g5-g6, but allows White even a
stronger blow.} (19... Ne5 {was the correct move, which led to an unclear
complications:} 20. g6 (20. Qg2 hxg5 21. hxg5 Rxh3 22. Qxh3 Bxf3 (22... Be4 23.
Rc1) 23. Rc1 Bg4 {with a further Bf5 and Black is fine.}) 20... Bxf3 {securing
the e4 square for the bishop} (20... Nxg6 $2 21. Nxg6 fxg6 22. Bd3 $16) 21.
Rxf3 $1 {the only way to keep the initiative} (21. Re1 $6 Be4 $1) 21... Nxf3
22. Qd3 {with an attack.}) 20. h5 $1 e5 $6 {allows White to conclude the game
with a very nice attack.} (20... Ne5 21. hxg6 Bxf3 22. gxf7+ Qxf7 23. Be2 {
with a strong attack, it's unlikely that Black would survive this.}) (20...
gxh5 {was probably more stubborn although here as well white has many tempting
moves.} 21. gxh6 (21. g6 Ne5 22. g7 $5 Bxg7 23. Nxh5 {is also quite strong}) (
21. Nxh5 $6 hxg5 22. Bxg5 Rxh5 23. Rxh5 Bxf3 {and Black is still holding on.})
21... Bxh6 22. Nxe6 fxe6 23. Bxh6 $16) 21. hxg6 exf4 22. Bxf4 Qb6 {almost
every move is winning for white now, here are some examples:} 23. Qc3 (23. Qe1+
Kd8 24. Qe5 (24. gxf7) 24... Rg8 25. gxf7 $18) (23. Re1+ Be7 (23... Kd8 24.
gxf7 $18) 24. g7 Rg8 25. Bd6 $18) 23... Qc5 24. Qxh8 Be4 25. gxf7+ Kd8 26. Qf6+
1-0

[Event "Bundesliga 0405"]
[Site "Germany"]
[Date "2005.03.13"]
[Round "13.4"]
[White "Naumann, Alexander"]
[Black "Borriss, Martin"]
[Result "1-0"]
[WhiteElo "2538"]
[BlackElo "2439"]
[Annotator "Gofshtein,L"]
[PlyCount "71"]
[EventDate "2004.11.12"]
[EventType "team-tourn"]
[EventRounds "15"]
[EventCountry "GER"]
[SourceTitle "CBM 106"]
[Source "ChessBase"]
[SourceDate "2005.06.06"]
[SourceVersion "1"]
[SourceVersionDate "2005.06.06"]
[SourceQuality "1"]
[WhiteTeam "Solingen"]
[BlackTeam "Neukoelln"]
[WhiteTeamCountry "GER"]
[BlackTeamCountry "GER"]

1. e4 c5 2. Nf3 d6 3. d4 cxd4 4. Nxd4 Nf6 5. Nc3 Nc6 6. Bg5 e6 7. Qd2 a6 8.
O-O-O Be7 9. f4 Nxd4 10. Qxd4 b5 11. Bxf6 gxf6 12. f5 {[%cal Rf5e6] White
conducts a typical plan of the attack on the black pawn structure} Qc7 {
[%cal Rc7c5] Black improves his position by activizing his queen} 13. Qe3 $5
$146 {[%cal Re3h6,Re3h3][%mdl 8] A new move. White wants to transfer his queen
to the h-file and to attack the black weaknesses. Other moves are: 13.Be2, 13.
Kb1 or 13.fe which lead to position with mutual chances as the tournament
practice shows} (13. Be2 Qc5 14. Qxc5 (14. Qd3 Ra7 15. Bh5 {1/2-1/2 Hracek,
Z-Epishin,V/Yerevan 1996/CBM 053 (15)}) (14. Bg4 Qxd4 15. Rxd4 h5 16. Bh3 Rb8
17. Ne2 e5 18. Rd3 b4 $132 {1-0 Kerek,K-Anka,E/Eger 1997/EXT 2001 (52)}) 14...
dxc5 15. fxe6 fxe6 16. Bh5+ (16. Rd3 Ra7 17. Bh5+ Kf8 18. Ne2 Rg8 $132 {
1/2-1/2 Fishbein,A-Epishin,V/New York 1997/CBM 057 ext (70)}) 16... Kf8 17. e5
f5 18. g4 Ra7 19. gxf5 exf5 20. Nd5 Kg7 21. Rhg1+ Kh6 $132 {1-0 Acs,
P-Kutuzovic,B/Pardubice 2001/CBM 083 ext (40)}) (13. fxe6 fxe6 14. e5 fxe5 15.
Qg4 Bd7 16. Qg7 $44 {1/2-1/2 Pikula,D-Tukmakov,V/Biel 2001/CBM 083 ext (23)}) (
13. Kb1 Qc5 14. Qd2 Bd7 15. g3 b4 16. fxe6 fxe6 17. Ne2 a5 18. Bh3 Rc8 19. Nd4
Qe5 $132 {0-1 Kindermann,S-Piket,J/Nussloch 1996/CBM 053 (41)}) 13... h5 {
Too slow. 13...Qc5 deserved attention getting a decent counterplay} (13... Qc5
$5 14. Qf3 (14. Qh3 b4 15. Ne2 Qc4 $132) 14... b4 15. Ne2 Ra7 16. Nd4 Rc7 $132)
14. Bd3 {Developing the bishop and strengthening the f5 pawn} Bd7 15. Kb1 Qc5 {
Black offers an exchange of queens. Usually in this kind of positions it
favours black to go to an endgame} 16. Qh3 {[%csl Ge6,Gh5][%cal Rh3h5,Rf5e6]
Of course, white avoids the exchange and keeps his queen in order to attack
the weak e6 and h5 pawns} O-O-O $6 {A dubious move after which white firmly
seizes the initiative. 16...b4 deserved attention with a further e6-e5 trying
to restrict the white knight} (16... b4 $5 17. Ne2 e5 $132) 17. Ne2 {[%cal
Re2f4,Rf4h5,Rf4e6]} Kb8 (17... e5 18. Nc3 Bc6 19. Be2 $16 {[%cal Rc3d5]}) 18.
Nf4 {[%cal Rf4h5,Rf4e6] Forcing black to weaken his position even more} exf5
19. exf5 d5 20. Qf3 {[%cal Rf3d5,Gf4d5,Gf4h5] An immideate 20.Nh5 is better} (
20. Nxh5 $16) 20... Bd6 $2 (20... Bc6 $5 {20...Bc6 deserved a serious
attention with compensation for the sacrificed pawn} 21. Nxh5 d4 22. Qe2 Rde8
23. Nf4 Bd6 24. Qf2 Qe5 $44) 21. Nxd5 Be5 22. Be4 {An extra pawn and an active
position of the white pieces give white a clear advantage} h4 23. a3 a5 24. Rd3
{[%cal Rh1d1] White strengthens his position by transfering the rook to the
third rank and planning to bring the rook from h1 to the game} Bc8 25. Rhd1 Rd6
26. Nc3 {Freeing the d5 square for the bishop} Rhd8 27. Bd5 $1 {[%cal Rd5f7,
Rc3e4] By attacking the f7 pawn and creating a threat of Ne4 and Nb5 white
enlarges his material advantage} R6d7 (27... Qb6 28. Nxb5 Ba6 29. a4 Bxb5 30.
axb5 $18) 28. Nxb5 Qxb5 {Givving the queen and activizing his pieces} (28...
Ba6 29. c4 $18) 29. Rb3 $18 Qxb3 30. Qxb3+ Rb7 31. Qa4 Rxb2+ 32. Kc1 Bxf5 {
[%cal Rb2c2,Rf5c2]} 33. Rd2 {[%cal Rd2c2] Protecting the c2 pawn. Black's
threats come to an end and white's large material advantage should tell} Rc8
34. Bb3 h3 35. Qb5+ Ka7 36. Qxa5+ {After 36...Kb7 37.Bd5+ a new material
losses are inevitable for black, that's why he resigned} 1-0

[Event "Ciocaltea Memorial"]
[Site "Bucharest"]
[Date "1997.??.??"]
[Round "9"]
[White "Nisipeanu, Liviu Dieter"]
[Black "Solak, Dragan"]
[Result "1-0"]
[WhiteElo "2545"]
[BlackElo "2355"]
[Annotator "Gofshtein,L"]
[PlyCount "75"]
[EventDate "1997.03.??"]
[EventType "tourn"]
[EventRounds "13"]
[EventCountry "ROU"]
[EventCategory "10"]
[SourceTitle "CBM 060"]
[Source "ChessBase"]
[SourceDate "1997.09.29"]
[SourceVersion "1"]
[SourceVersionDate "1997.09.29"]
[SourceQuality "1"]

1. e4 c5 2. Nf3 d6 3. d4 cxd4 4. Nxd4 Nf6 5. Nc3 Nc6 6. Bg5 e6 7. Qd2 a6 8.
O-O-O h6 9. Be3 Be7 10. f4 Bd7 11. Bd3 $6 Ng4 12. Nxc6 (12. Bg1 Nxd4 13. Bxd4
e5 14. Bg1 exf4 15. Nd5 Ne3 16. Nxe3 fxe3 17. Bxe3 $11) (12. Nf3 Nxe3 13. Qxe3
b5 14. Kb1 Qa5 15. h4 Rc8 $132 {Gofstein-Brunnett.North Bay 1997}) 12... Bxc6 (
12... bxc6 13. Bg1 $16) 13. Bg1 Qa5 $6 {with this black loses a tempo.} (13...
b5 $142) (13... Nf6 $142 14. Kb1 Qc7 15. f5 e5 16. g4 O-O-O 17. Qg2 d5 {
Sulskis,S-Lanka,Z/EU-chTM 1997/EXP 57/[Gofshtein,L]/0-1 (56)}) 14. Kb1 b5 15.
a3 $6 (15. h3 Nf6 16. Qe3) 15... Qc7 16. h3 (16. Qe2 Nf6 17. e5 dxe5 18. fxe5
Nd7 19. Bd4 Bc5 $1 $15) 16... Nf6 17. Bh2 Qb7 18. Rhe1 (18. e5 dxe5 19. fxe5
Nd5 20. Nxd5 Bxd5 21. Bf4 b4 $17) 18... a5 19. e5 dxe5 $2 (19... b4 $142 20.
exf6 bxc3 21. Qxc3 Bxf6 22. Qb3 Qxb3 $17) 20. fxe5 Nd5 (20... b4 21. exf6 bxc3
22. Qxc3 Bxf6 23. Be5 $13) 21. Nxd5 (21. Ne4 $143 b4 $132) 21... Bxd5 22. Qe2
Rb8 $6 (22... O-O $142 23. Bxb5 a4 $1 24. c4 Bc6 $44) 23. Qg4 g6 (23... O-O
$142) 24. Rf1 h5 (24... Bxg2 $4 25. Rxf7 $3 Kxf7 26. Bxg6+ Kf8 27. Qf4+ Kg7 28.
Qf7#) 25. Qg3 O-O $2 (25... Rf8 $5 26. Rxf7 Rxf7 27. Bxg6 Be4 $1 (27... Bxg2
28. Rd4 $1 $16) 28. Bxh5 $36) (25... Bf8 $5) 26. Rf4 (26. Bxg6 $142 fxg6 27.
Qxg6+ $11 {a possible variation is} Kh8 28. Qxh5+ Kg8 29. Qg6+ Kh8 30. Qh6+ Kg8
31. Rf6 Bxf6 32. exf6 Rbc8 33. Rd3 Qh7 34. Rg3+ Kh8 35. Qg7+ Qxg7 36. fxg7+ $18
) 26... Bc5 (26... h4 27. Qg4 Kg7 28. Rdf1 $16) 27. Rh4 Kg7 (27... Kh7 $2 28.
Rxh5+) (27... Kh8 28. Qg5) 28. Rxh5 Rh8 29. Rg5 Be4 30. Qf4 Bxd3 31. Qf6+ Kg8
32. Rxd3 Qe4 $2 (32... Be7 $2 33. Rxg6+ fxg6 34. Qxg6+ $18) (32... Qe7 $142 $16
) 33. Rg4 Qf5 34. Qxf5 exf5 35. Rgg3 Rh4 (35... Kg7 $142 36. Rd7 Rhe8 37. Rgd3
$16) 36. e6 Rc8 37. Rd7 Rc6 (37... fxe6 38. Rxg6+ Kf8 39. Rxe6 $18) 38. e7 1-0

[Event "Ciocaltea Memorial"]
[Site "Bucharest"]
[Date "1997.??.??"]
[Round "10"]
[White "Solak, Dragan"]
[Black "Kiselev, Sergey"]
[Result "0-1"]
[WhiteElo "2355"]
[BlackElo "2485"]
[Annotator "Gofshtein,L"]
[PlyCount "82"]
[EventDate "1997.03.??"]
[EventType "tourn"]
[EventRounds "13"]
[EventCountry "ROU"]
[EventCategory "10"]
[SourceTitle "CBM 060"]
[Source "ChessBase"]
[SourceDate "1997.09.29"]
[SourceVersion "1"]
[SourceVersionDate "1997.09.29"]
[SourceQuality "1"]

1. e4 c5 2. Nf3 d6 3. d4 cxd4 4. Nxd4 Nf6 5. Nc3 Nc6 6. Bg5 e6 7. Qd2 a6 8.
O-O-O h6 9. Be3 Bd7 10. f3 Qc7 11. g4 Ne5 12. h4 b5 13. Bd3 (13. Be2 $143 $6 g6
14. g5 hxg5 15. hxg5 Rxh1 16. Rxh1 Nh5 17. Kb1 Ng3 18. Rh7 Nc4 $2 (18... Nxe2
$142 19. Qxe2 b4 20. Nd1 Nc4 21. Bc1 e5 22. Nb3 Be6 23. f4 $13) 19. Bxc4 Qxc4
20. b3 $16 {Anand-Dreev,Linares 1997}) (13. Rg1 g6 14. g5 hxg5 15. hxg5 Nh5 16.
f4 Nc4 17. Bxc4 Qxc4 18. Kb1 b4 19. Nce2 a5 20. Rh1 Qc7 21. Ng3 Nxg3 22. Rxh8
Nxe4 23. Qh2 Rc8 24. Re1 d5 25. Nf3 $16 {Varga-Cao Sang,1995 Budapest}) (13. a3
Rb8 14. Rg1 g6 15. g5 hxg5 16. hxg5 Nh5 17. f4 Nc4 18. Bxc4 Qxc4 $6 19. Nb3 b4
20. axb4 Qxb4 21. Bc5 $1 $16 {Marjanovic -Radulov 1979 Bihas}) (13. Qg2 $1 {
Anand}) 13... b4 14. Nce2 d5 15. g5 $6 $146 (15. exd5 Nxd5 16. Bf2 Rc8 (16...
Nxd3+ 17. Qxd3 Rc8 18. Qxa6 b3 19. a3 Bd6 20. Rd2 O-O 21. Nxb3 Ra8 22. Qd3 Rfb8
23. Kd1 Bb5 24. Qe4 Bxa3 {Schmitzer,K-Tischbierek,R/BL9495 1995/BL 90/0-1 (45)}
) 17. Kb1 Nxd3 18. Qxd3 a5 19. Bg3 Bd6 $11 {Barczay L-Veingold A,Tallin 1981} (
19... Bd6 20. Nb5 Bxb5 21. Qxb5+ Qc6 22. Qxc6+ Rxc6 23. Bxd6 Rxd6 24. Nf4 {
1/2-1/2 Barczay,L-Veingold,A/Tallinn 1981/MCL 03})) 15... dxe4 16. Bxe4 (16.
fxe4 Nfg4 $15) 16... Nxe4 17. fxe4 Nc4 18. Qd3 Nxe3 19. Qxe3 hxg5 20. Qxg5 (20.
hxg5 Rxh1 21. Rxh1 O-O-O $17) 20... g6 21. Qf6 Rh7 $17 (21... Rh5 22. Rhf1) 22.
Qf3 (22. Kb1 $5) 22... Rc8 23. c3 (23. Rd2 Bh6) (23. Qb3 a5) (23. Qd3 Bh6+ 24.
Kb1 e5 25. Nf3 Bb5 $19) 23... bxc3 24. Nxc3 Bb4 25. Rd3 (25. Kb1 Bxc3 26. Rc1
Qb6 $19) (25. Nde2 $1 $17) 25... Qe5 26. Kb1 Kf8 (26... Bxc3 $143 27. bxc3 $15)
27. Nce2 Be8 28. Nf4 Kg8 29. h5 g5 30. Nfe2 Rh6 {this move doesn't give
counterplay.} 31. Qg4 Be7 32. Rg3 Rb8 $1 {Profilactic move against Nf3} 33. b3
Bf6 34. Rc1 (34. Rf1 Bb5 35. Rxf6 Qxf6 36. Qxg5+ Qxg5 37. Rxg5+ Kh7 38. Nxb5
Rxb5 $19) (34. Rhg1 $5 {Fritz} Bb5 35. Qxg5+ $1 (35. Rc3 Rd8 36. Nxb5 axb5 $17)
35... Qxg5 36. Rxg5+ Bxg5 37. Rxg5+ Kh7 38. Nf4 $17) 34... Rd8 $19 35. Rd1 Bb5
36. Rgd3 Bxd3+ 37. Rxd3 Bg7 38. Kc2 Qc5+ 39. Rc3 Qa5 40. b4 Qxa2+ 41. Kd3 Qb1+
0-1